000 00267nam a2200121Ia 4500
008 190216s9999||||xx |||||||||||||| ||und||
100 _aNambiar M C K
245 0 _aCompany Administration
260 _bNull
_c1986
300 _a317p
650 _aCommerce
942 _cBK
999 _c5497
_d5497